Legendy Komárna kniha historických pamiatok, legiend, povestí, osobností, prbehov a zaujímavostí

Podrobná bibliografia
Hlavní autori: Černek, Jozef (Autor), Dénesová, Eva (Autor), Gráfel, Ľudovít, 1953- (Autor)
Médium: Kniha
Jazyk:slovenčina
Fyzický popis:299 strán faksimile, fotografie, mapy 22 x 29 cm
Vydavateľské údaje: [Komárno] [Jozef Černek] 2023
ISBN:9788057051305
Predmet:

MARC

LEADER 00000cam a2200000 4500
001 vtls012247108
003 SK-MaSNL
005 20260506072640.0
008 240105s2023 xo hob g 010 0 slo
015 |a SNBA2024/01 
020 |a 9788057051305  |q (viazané) 
040 |a SNK  |b slo  |c SNK  |e rda 
041 0 |a slo 
044 |a xo  |c SK 
072 7 |a 821.162.4-3  |x Slovenská próza  |2 konspekt 
072 7 |a 904  |x Kultúrne pamiatky historického obdobia všeobecne  |2 konspekt 
080 |a 911.375(091)  |2 2011 
080 |a 821.162.4-3  |2 2011 
080 |a (0:82-343)  |2 2011 
080 |a 904  |2 2011 
080 |a 316.72/.75-027.22  |2 2011 
080 |a 929-058.1  |2 2011 
080 |a 69.01/.03  |2 2011 
080 |a 796/799  |2 2011 
080 |a (048.8)  |2 2011 
100 1 |a Černek, Jozef  |4 aut  |9 415207 
245 1 0 |a Legendy Komárna  |b kniha historických pamiatok, legiend, povestí, osobností, prbehov a zaujímavostí  |c Jozef Černek, Eva Dénesová, Ľudovít Gráfel 
264 1 |a [Komárno]  |b [Jozef Černek]  |c 2023 
300 |a 299 strán  |b faksimile, fotografie, mapy  |c 22 x 29 cm 
336 |a text  |b txt  |2 rdacontent 
336 |a statický obraz  |b sti  |2 rdacontent 
337 |a bez média  |b n  |2 rdamedia 
338 |a zväzok  |b nc  |2 rdacarrier 
500 |a Miesto vydania podľa NA ISBN 
650 0 7 |a dejiny miest  |2 SNKPH  |9 164833 
650 0 7 |a History of cities and towns  |2 SNKPHeng  |9 267901 
650 0 7 |a kultúrne pamiatky  |2 SNKPH  |9 2862 
650 0 7 |a Cultural monuments  |2 SNKPHeng  |9 266481 
650 0 7 |a kultúrny život  |2 SNKPH  |9 3182 
650 0 7 |a Cultural life  |2 SNKPHeng  |9 265153 
650 0 7 |a osobnosti  |2 SNKPH  |9 29820 
650 0 7 |a Regional celebrities  |2 SNKPHeng  |9 266494 
650 0 7 |a stavby  |2 SNKPH  |9 2983 
650 0 7 |a Buildings  |2 SNKPHeng  |9 286401 
650 0 7 |a šport  |2 SNKPH  |9 1042 
650 0 7 |a šport  |2 SNKPHeng  |9 1042 
655 7 |a slovenské prózy  |2 SNKPH  |9 70229 
655 7 |a Slovak prose  |2 SNKPHeng  |9 278617 
655 7 |a legendy  |2 SNKPH  |9 70589 
655 7 |a Legends  |2 SNKPHeng  |9 289776 
655 7 |a monografie  |2 SNKPH  |9 70139 
655 7 |a Monographs  |2 SNKPHeng  |9 120675 
700 1 |a Dénesová, Eva  |4 aut  |9 415208 
700 1 |a Gráfel, Ľudovít,  |d 1953-  |4 aut  |9 262153 
852 |a Slovenská národná knižnica 
919 |a 978-80-570-5130-5 
954 |a odborná, vedecká literatúra pôvodná (slovenská)  |2 lita 
954 |a beletria pôvodná (slovenská)  |2 lita 
999 |c 665489  |d 667419 
952 |a SNK  |b SNK  |y PREZ  |7 0  |p 17A1543710  |o snkSC 204684  |i snk2024/232  |8 0  |0 0  |1 0  |4 0  |d 2024-01-05  |f 1  |l 0  |r 2025-10-28 00:00:00  |w 2026-02-23